Una historia de Dios (Record no. 19215)

MARC details
000 -LEADER
campo de control de longitud fija 00863nam a22002655i 4500
001 - NÚMERO DE CONTROL
campo de control 19215
003 - IDENTIFICADOR DE NÚMERO DE CONTROL
campo de control ES-MaACL
005 - FECHA Y HORA DE LA ÚLTIMA TRANSACCIÓN
campo de control 20230906152032.0
007 - CAMPO FIJO DE DESCRIPCIÓN FÍSICA--INFORMACIÓN GENERAL
campo de control de longitud fija t|
008 - DATOS DE LONGITUD FIJA--INFORMACIÓN GENERAL
campo de control de longitud fija 020702s2001 sp ||||0| spa j
020 ## - NÚMERO INTERNACIONAL ESTÁNDAR DEL LIBRO
Número Internacional Estándar del Libro 84-493-1088-1
040 ## - FUENTE DE CATALOGACIÓN
Centro catalogador/agencia de origen M-BN
Lengua de catalogación spa
Centro/agencia transcriptor M-BN
080 ## - NÚMERO DE LA CLASIFICACIÓN DECIMAL UNIVERSAL
Número de la Clasificación Decimal Universal 291.21
100 1# - ENTRADA PRINCIPAL--NOMBRE DE PERSONA
Nombre de persona Armstrong, Karen.
9 (RLIN) 23004
245 14 - MENCIÓN DEL TÍTULO
Título Una historia de Dios
Resto del título : 4000 años de búsqueda en el judaísmo, el cristianismo y el Islam /
Mención de responsabilidad, etc. Karen Armstrong ; [traducción de Ramón Alfonso Díez Aragón].
260 ## - PUBLICACIÓN, DISTRIBUCIÓN, ETC.
Lugar de publicación, distribución, etc. Barcelona :
Nombre del editor, distribuidor, etc. Paidós Ibérica,
Fecha de publicación, distribución, etc. [2001]
300 ## - DESCRIPCIÓN FÍSICA
Extensión 521 p. ;
Dimensiones 24 cm.
490 1# - MENCIÓN DE SERIE
Mención de serie Paidós contextos ;
Designación de volumen o secuencia 19
650 14 - PUNTO DE ACCESO ADICIONAL DE MATERIA--TÉRMINO DE MATERIA
Término de materia o nombre geográfico como elemento de entrada Dios.
9 (RLIN) 11900
700 1# - ENTRADA AGREGADA--NOMBRE PERSONAL
Nombre de persona Díez Aragón, Ramón Alfonso.
9 (RLIN) 44676
830 0# - PUNTO DE ACCESO ADICIONAL DE SERIE-TÍTULO UNIFORME
Título uniforme Paidós contextos ;
Designación de volumen o secuencia 19
9 (RLIN) 179772
852 ## - LOCALIZACIÓN
Ubicación ES-MaACL
Número de control de estantería L-25649
Sublocalización o colección R.130816
Holdings
Estatus retirado Estado de pérdida Estado de daño No para préstamo Biblioteca de origen Biblioteca actual Ubicación en estantería Fecha de adquisición Fuente de adquisición Total de préstamos Signatura topográfica completa Código de barras Visto por última vez Precio de reemplazo Tipo de ítem Koha
        Biblioteca del Ateneo de Madrid Biblioteca del Ateneo de Madrid Depósito 2 17/01/2008     L-25649 1019661 23/02/2023 23/02/2023 Libro impreso